| 000 | 00543nam a2200157 a 4500 | ||
|---|---|---|---|
| 005 | 20140310183248.0 | ||
| 008 | 040920s19uu xx 00 eng d | ||
| 050 |
_aHF 5254.C3 _b.P48 2001 |
||
| 100 | _aAbigan, Edmundo R. | ||
| 245 | _aThe Philippine index province of cavite covers 3 cities,20 towns,updated luzon road guide / | ||
| 260 |
_aPhilippine : _bPhilippine Guides, Inc., _c2001. |
||
| 300 |
_a66 p. : _bcol. ill. ; _c28 cm. |
||
| 650 |
_aCavite Province (Philippines) _xTravel and description. |
||
| 942 |
_cBK _2lcc |
||
| 999 |
_c20721 _d20721 |
||